LEADER 01419nam2-2200481---450 001 990002993480203316 005 20180308150913.0 010 $a88-207-3620-9 035 $a000299348 035 $aUSA01000299348 035 $a(ALEPH)000299348USA01 035 $a000299348 100 $a20071018d2003----km-y0itay50------ba 101 $aita 102 $aIT 105 $a||||||||001yy 200 1 $a<<2.>> : Riflessioni sulla psicodinamica$fIgnacio Matte Blanco$ga cura di Anna Gorrese, Caterina Ferrara 210 $aNapoli$cLiguori$d2003 215 $a77 p.$d24 cm. 225 2 $aDomini$iFil rouge$v11 410 0$12001$aDomini$iFil rouge$v11 454 1$12001 461 1$1001000299346$12001$aPreludi della bi-logica 606 0 $aInconscio 676 $a154.2 700 1$aMATTE BLANCO,$bIgnacio$0155666 702 1$aGORRESE,$bAnna 702 1$aFERRARA,$bCaterina 801 0$aIT$bsalbc$gISBD 912 $a990002993480203316 951 $aII.3. 3125/2$b200773 L.M.$cII.3.$d00161649 951 $aCC 150.195 MAT$b6500 FIL 959 $aBK 969 $aUMA 969 $aFIL 979 $aRIVELLI$b90$c20071018$lUSA01$h1630 979 $aRIVELLI$b90$c20071018$lUSA01$h1634 979 $c20121027$lUSA01$h1553 979 $c20121027$lUSA01$h1606 979 $c20121027$lUSA01$h1611 996 $aRiflessioni sulla psicodinamica$91029100 997 $aUNISA DEB $aSA0012459 LEADER 02358nam0 2200493 i 450 001 VAN0123351 005 20231130040651.308 010 $a978-33-19-59662-4 100 $a20190916d2017 |0itac50 ba 101 $aeng 102 $aCH 105 $a|||| ||||| 200 1 $aAnisotropic and Shape-Selective Nanomaterials$eStructure-Property Relationships$fSimona E. Hunyadi Murph, George K. Larsen, Kaitlin J. Coopersmith editors 210 $aCham$cSpringer$d2017 215 $aX, 470 p.$cill.$d24 cm 410 1$1001VAN0123337$12001 $aNanostructure Science and Technology$1210 $aCham$cSpringer$d2002- 620 $aCH$dCham$3VANL001889 676 $a621.366$cFisica applicata. Laser spettroscopia$v22 676 $a540$cChimica generale$v22 676 $a546$cChimica inorganica$v22 676 $a541$cChimica fisica$v22 676 $a535.2$cOttica fisica$v22 676 $a620.5$cNanotecnologia$v22 676 $a621.365$cFotonica$v22 676 $a616.07548$cMagnetodiagnosi$v22 702 1$aCoopersmith$bKaitlin J.$3VANV094748 702 1$aHunyadi Murph$bSimona E.$3VANV094746 702 1$aLarsen$bGeorge K.$3VANV094747 712 $aSpringer $3VANV108073$4650 790 1$aCoopersmith, K. J.$zCoopersmith, Kaitlin J.$3VANV103490 790 1$aCoopersmith, K.J.$zCoopersmith, Kaitlin J.$3VANV212280 790 1$aHunyadi Murph, S. E.$zHunyadi Murph, Simona E.$3VANV103488 790 1$aHunyadi Murph, S.E.$zHunyadi Murph, Simona E.$3VANV201295 790 1$aLarsen, G. K.$zLarsen, George K.$3VANV103489 790 1$aLarsen, G.K.$zLarsen, George K.$3VANV212281 801 $aIT$bSOL$c20240614$gRICA 856 4 $u/sebina/repository/catalogazione/documenti/indice.pdf$zindice.pdf 856 4 $uhttps://link.springer.com/book/10.1007/978-3-319-59662-4$zE-book - Accesso al full-text attraverso riconoscimento IP di Ateneo, proxy e/o Shibboleth 899 $aBIBLIOTECA DEL DIPARTIMENTO DI SCIENZE E TECNOLOGIE AMBIENTALI BIOLOGICHE E FARMACEUTICHE$1IT-CE0101$2VAN17 912 $fN 912 $aVAN0123351 950 $aBIBLIOTECA DEL DIPARTIMENTO DI SCIENZE E TECNOLOGIE AMBIENTALI BIOLOGICHE E FARMACEUTICHE$d17CONS e-book 2111 $e17BIB2111/54 54 20190916 996 $aAnisotropic and Shape-Selective Nanomaterials$91560427 997 $aUNICAMPANIA